00852cam a2200217 a 450000100100000000500170001000800410002702000150006804000250008308200190010810000430012724500810017025000130025126000710026430000210033550000630035650000720041904900090049195201170050099900170061700002229620210325095748.0880817s2001 cu b 001 0 spa  a9590604706 aDO-SdBNPbspacBNPHU a338.064bT113p aTablada Pérez, Carlos.d1948-94605513aEl pensamiento económico de Ernesto Che Guevara /cCarlos Tablada Pérez. a28a. ed. aLa Habana :bCiencias SocialesbInstituto Cubano del Libro,c2001. a212 p. ;c23 cm. aIncluye datos biográficos del autor en la contracubierta aIncluye referencia bibliográficos y notas al pie de las páginas aBNGR 001050718MOaPDbPDcCTd2010-09-22iLF1l0o338.064 T113pp22296-10r2020-06-25w2020-06-25y1ZNo se presta c21794d21794